| 000 | 01729nam a22003257a 4500 | ||
|---|---|---|---|
| 008 | 230907s2021 -uk|||||o|||| 00| 0 eng | | ||
| 020 | _a9781783214136 | ||
| 041 | _aeng | ||
| 110 | _aRoyal Institution of Chartered Surveyors | ||
| 245 |
_aCladding for surveyors _bSupplementary information paper to Valuation of properties in multi-storey, multi-occupancy residential buildings _h[Electronic] |
||
| 250 | _a1st | ||
| 260 |
_aUnited Kingdom, _cMarch 2021, _bRoyal Institution of Chartered Surveyors |
||
| 300 | _a33p | ||
| 490 | _aRICS Supplementary Information | ||
| 520 | _aThis supplementary information paper has been produced to support Valuation of properties in multi-storey, multi-occupancy residential buildings, RICS guidance note (ISBN 9781783214143). This document has been produced to increase surveyors’ knowledge of typical external wall cladding systems for building types that may be considered in the ‘External Wall Fire Review’ process – otherwise known as ‘EWS1’ due to the name of the form used – through providing illustrated descriptions of typical cladding systems to assist in identification. | ||
| 650 | _aALUMINIUM COMPOSITE MATERIAL | ||
| 650 | _aALUMINIUM COMPOSITE PANELS | ||
| 650 | _aBALCONIES | ||
| 650 | _aBRICK SLIP SYSTEMS | ||
| 650 | _aCLADDING | ||
| 650 | _aMASONRY CAVITY WALLS | ||
| 650 | _aPRECAST CONCRETE PANELS | ||
| 650 | _aRAINSCREEN CLADDING | ||
| 650 | _aRENDERING | ||
| 651 | _aUnited Kingdom | ||
| 690 |
_96308 _aCladding |
||
| 690 |
_96225 _aBuilding surveying |
||
| 856 |
_uhttps://www.rics.org/content/dam/ricsglobal/documents/standards/cladding-for-surveyors-supplementary-info-paper.pdf _zAvailable on RICS.org |
||
| 942 | _n0 | ||
| 999 |
_c121658 _d121658 |
||